00000000nam 2200000zi 4500
0019.945266
003CaOODSP
00520241121094721
006m     o  d f      
007cr mn|||||||||
008241118s1971    onc     o    f100 0 eng d
040 |aCaOODSP|beng|erda|cCaOODSP
043 |an-cn---
0861 |aCo41-1/6AE-PDF|zCo41-1/6A
24500|aReport on the Seminar on Telecommunications and Participation at the University of Montreal, April 3 to 5, 1970 / |csponsored by the Department of Communications, the University of Montreal - Audio-Visual Centre.
264 1|aOttawa : |bDepartment of Communications, |c1971.
300 |a1 online resource (42 pages).
336 |atext|btxt|2rdacontent
337 |acomputer|bc|2rdamedia
338 |aonline resource|bcr|2rdacarrier
4901 |aTelecommission study ; |v6(a)
500 |aIssued also in French under title: Rapport du séminaire sur "Les télécommunications et la participation" tenu à l'Université de Montréal du 3 au 5 avril 1970.
500 |aDigitized edition from print [produced by Innovation, Science and Economic Development Canada].
650 0|aPolitical participation|vCongresses.
650 0|aSocial participation|vCongresses.
650 0|aTelecommunication|vCongresses.
655 7|aConference papers and proceedings|2lcgft
7101 |aCanada. |bDepartment of Communications, |eissuing body.
77508|tRapport du séminaire sur "Les télécommunications et la participation" tenu à l'Université de Montréal du 3 au 5 avril 1970 / |w(CaOODSP)9.945268
830#0|aTelecommission study ;|v6(a).|w(CaOODSP)9.927947
85640|qPDF|s1.48 MB|uhttps://publications.gc.ca/collections/collection_2024/isde-ised/co41-1/Co41-1-6A-eng.pdf